000 00306nam a22001337a 4500
008 171124b xxu||||| |||| 00| 0 eng d
020 _a9780323081047
041 _aeng
080 _2*9 ED
_a618.2
100 _a2
101 _aINF
245 _aDRUG GUIDE FOR NURSES
_cLINDA.S.K
942 _2udc
_cBK
999 _c38465
_d38465